000
00309nam a2200133Ia 4500
008
190216s9999||||xx |||||||||||||| ||und||
100
_a
Burton David M
245
0
_a
Elementary Number Theory
250
_a
2nd Ed.
260
_b
Ubs Publishers
_c
1989
300
_a
450p
650
_a
Mathematics
942
_c
BK
999
_c
31392
_d
31392